Geography Quiz

Random Geography or World Quiz
Score 0/32 Timer 05:00
2 Plays Today
% Correct
Germany
95.3%
Belgium
93.6%
Italy
93.6%
Belgium
93.4%
United Kingdom
90.3%
Switzerland
90.2%
Luxembourg
88.3%
Luxembourg
88.3%
France
86.9%
France
86.7%
Andorra
86.6%
United States
85.7%
Netherlands
85.2%
Monaco
85.1%
Monaco
84.9%
Sweden
82.2%
% Correct
Norway
81.5%
Norway
80.8%
Morocco
76.5%
Denmark
76.2%
China
65.2%
Japan
63%
Liechtenstein
62.4%
Brazil
60.9%
Sudan
58.4%
Syria
53.7%
Suriname
53.2%
Samoa
48.5%
Vietnam
36.4%
North Macedonia
31.5%
Kyrgyzstan
20.1%
Montenegro
16.8%
Remove Ads.
Support Sporcle.
Get the best of Sporcle when you Go Orange. This ad-free experience offers more features, more stats, and more fun while also helping to support Sporcle. Thank you for becoming a member.

You're not logged in!

Compare scores with friends on all Sporcle quizzes.
OR
Log In

Sporcle TV

Today on Sporcle TV


Watch our educational content, quiz creation guides, and fun videos on Sporcle TV.

Show Comments

Extras

Top Quizzes Today


Score Distribution

Paid Content

Your Account Isn't Verified!

In order to create a playlist on Sporcle, you need to verify the email address you used during registration. Go to your Sporcle Settings to finish the process.

Report this User

Report this user for behavior that violates our Community Guidelines.

Details: